"Plan bicentenario: El Perú hacia el 2021, resumen ejecutivo" (Record no. 33198)
[ view plain ]
| 000 -LEADER | |
|---|---|
| campo de control de longitud fija | 00305nam a2200109Ia 4500 |
| 005 - FECHA Y HORA DE LA ÚLTIMA TRANSACCIÓN | |
| campo de control | 20251222154305.0 |
| 008 - DATOS DE LONGITUD FIJA--INFORMACIÓN GENERAL | |
| campo de control de longitud fija | 251222s9999||||xx |||||||||||||| ||spa|| |
| 020 ## - NÚMERO INTERNACIONAL ESTÁNDAR DEL LIBRO | |
| Número Internacional Estándar del Libro | 978-612-45549-5-7 |
| 082 ## - NÚMERO DE LA CLASIFICACIÓN DECIMAL DEWEY | |
| Número de clasificación | 303.448.5/C46/2010 |
| 245 #0 - MENCIÓN DEL TÍTULO | |
| Título | "Plan bicentenario: El Perú hacia el 2021, resumen ejecutivo" |
| 942 ## - ELEMENTOS DE ENTRADA SECUNDARIOS (KOHA) | |
| Tipo de ítem Koha | Libros |
| Estatus retirado | Estado de pérdida | Estado de daño | No para préstamo | Biblioteca de origen | Biblioteca actual | Ubicación en estantería | Fecha de adquisición | Total de préstamos | Signatura topográfica completa | Código de barras | Visto por última vez | Precio de reemplazo | Tipo de ítem Koha |
|---|---|---|---|---|---|---|---|---|---|---|---|---|---|
| Biblioteca Tarma | Biblioteca Tarma | Programa | 22/12/2025 | 303.448.5/C46/2010 | 0000228 | 22/12/2025 | 22/12/2025 | Libros |
